00980cam a22002777a 4500003000500000005001700005008004100022010001000063011001000073032001200083035001000095040000900105100002900114245004700143260003500190300000900225490002400234500016700258500007900425500004200504650003500546650001900581700003900600710003900639830002400678CHAP20220817043035.0971010d1985 mx a r 00110 spa d a63691 a64663 a582bR9 a70634 cCHAP00aRzedowski Rotter, Jerzy.10aFlora fanerogámica del Valle de México aMéxico, D.F. :bCECSA,c1985 a3 v. 0aPublicaciónv; 15 aContenido : v.1 Generalidades, gymnospermae, dicotyledoneae (Saururaceae- Polygalaceae) -- v.2 Dycotyledoneae (Euphorbiaceae - Compositae) -- v.3 Monocotyledoneae av.1 c.16 sust. por Bogdan, A.V. pastos tropicales y plantas forrajeras c.1 av.2-3 ed. por Instituto de Ecología14aBotánicaxValle de México.14aFanerógamas.0 aCalderón de Rzedowski, Graciela.0 aInstituto de Ecología. México.0 aPublicaciónv; 15